[Event "GER-ch U25-B"]
[Site "Willingen"]
[Date "2023.05.28"]
[Round "2"]
[White "Friemel, Tim"]
[Black "Pac, Maksym"]
[Result "1-0"]
[WhiteElo "1692"]
[BlackElo "1249"]
[PlyCount "85"]
[EventDate "2023.05.27"]
[EventType "swiss"]
[EventRounds "9"]
[EventCountry "GER"]
[SourceTitle "CBM 214 Extra"]
[Source "ChessBase"]
[SourceDate "2023.07.31"]
[SourceVersion "1"]
[SourceVersionDate "2023.07.31"]
[SourceQuality "1"]

1. d4 d5 2. c4 e6 3. Nc3 c6 4. e4 dxe4 5. Nxe4 Bb4+ 6. Nc3 c5 7. a3 Ba5 8. Be3 Nf6 9. Qd3 Nc6 10. Nf3 cxd4 11. Nxd4 e5 12. Nxc6 Qxd3 13. Bxd3 Bxc3+ 14. bxc3 bxc6 15. Bc5 Ba6 16. 0-0 Nd7 17. Bd6 f6 18. Rfd1 c5 19. Bf5 Bxc4 20. Rab1 Nb6 21. Bxc5 Rb8 22. Rb4 Ba6 23. Rdb1 Kf7 24. Bxb6 Rxb6 25. Rxb6 axb6 26. Rxb6 Rd8 27. h3 Bc8 28. Bxc8 Rxc8 29. Rb3 Ke6 30. Kf1 Kd5 31. Rb7 g5 32. Rxh7 Rxc3 33. Ra7 Ke4 34. Ra4+ Kd3 35. g3 f5 36. Kg2 f4 37. Kf3 e4+ 38. Rxe4 Kd2+ 39. Kg4 fxg3 40. fxg3 Rxa3 41. Re5 Rd3 42. Rxg5 Ke2 43. Rf5 1-0